| 000 | 01079nam0a22002411 4500 | ||
|---|---|---|---|
| 001 | rc\844772 | ||
| 005 | 20041129092423.3 | ||
| 035 | _a(NLR Aleph) 006025833 | ||
| 090 |
_a7476716 _c7476716 |
||
| 100 | _a20041129d1983 u |0rusy50 ca | ||
| 101 | 0 | _arus | |
| 102 | _aRU | ||
| 105 | _ay ||||||||| | ||
| 200 | 1 |
_aМетодические рекомендации по оценке исполнения документов и руководящих указаний _fМ-во высш. и сред. спец. образования СССР, НИИ орг. и упр. в стр-ве при МИСИ им. В.В. Куйбышева _g[Разраб. к. т. н. Заверняев В.П. и др.] |
|
| 210 |
_aМ. _cНИИОУС _d1983 |
||
| 215 |
_a[1], 14 с. _d21 |
||
| 702 | 1 |
_aЗаверняев _bВ. Л. _gВиктор Лаврентьевич _4570 |
|
| 712 | 0 | 2 |
_aНИИ организации и управления в строительстве _cМосква |
| 801 | 0 |
_aRU _bNLR _gpsbo |
|
| 801 | 1 |
_aRU _bELAR _2rusmarc |
|
| 852 |
_aNLR _j84-4/2840 |
||
| 942 | _cBOOK | ||
| 980 | _aNB | ||